Romances de cordel (Record no. 157427)

MARC details
000 -LÍDER
campo de controle de tamanho fixo 00445 a2200157 4500
001 - NÚMERO DE CONTROLE
campo de controle 157427
020 ## - ISBN - INTERNATIONAL STANDARD BOOK NUMBER
ISBN - International Standard Book Number 978-85-03-01019-1
040 ## - FONTE DA CATALOGAÇÃO
Instituição que transcreveu o registro Escola São Tomás de Aquino
100 ## - ENTRADA PRINCIPAL--NOME PESSOAL
Nome pessoal GULLAR, Ferreira
240 10 - TÍTULO UNIFORME
Título uniforme Romances de cordel
Idioma da obra
245 10 - TÍTULO
Título Romances de cordel
362 0# - DATAS DE PUBLICAÇÃO E/OU DESIGNAÇÃO SEQUENCIAL
Datas de publicação e/ou designação sequencial 2012
440 #1 - DECLARAÇÃO DE SÉRIE/ENTRADA ADICIONADA--TÍTULO
Título José Olympio
697 ## - ENTRADA DE ASSUNTO LOCAL--ENTIDADE COLETIVA (RLIN)
Nome corporativo ou nome da jurisdição Literatura de cordel Livros de bolso ou folhetos com histórias e músicas populares
942 ## - ELEMENTOS DE ENTRADA ADICIONADOS (KOHA)
Tipo de material Koha Livros
Holdings
Situação do descarte Situação das perdas Situação física Não pode ser emprestado Biblioteca de origem Biblioteca atual Data de aquisição Total de empréstimos Número de chamada completo Código de barras Data de último acesso Data do preço efetivo Tipo de material Koha
        ESTA - SÃO BENTO ESTA - SÃO BENTO 30/04/2024   398.5 GUL ROM EST00012356 30/04/2024 30/04/2024 Livros